LEADER 01321cam2 22003011 450 001 SOBE00044113 005 20250626081446.0 100 $a20140704e19741846|||||ita|0103 ba 101 $aita 102 $aIT 200 0 $a4$fFilippo Baldinucci$g$gcon nuove annotazioni e supplementi per cura di F. Ranalli 205 $aRist. dell'ed. Firenze, 1846 210 $aFirenze$cS.P.E.S. $d1974 215 $a715 p.$d24 cm 461 1$1001SOB0000003524$12001 $aNotizie dei professori del disegno da Cimabue in qua : per le quali si dimostra come, e per chi le belle arti di pittura, scultura e architettura ... / opera di Filippo Balldinucci fiorentino distinta in secoli e decennali 700 1$aBaldinucci$b, Filippo$3AF00009980$4070$036012 702 1$aRanalli, Ferdinando$3A600200060739$4070 801 0$aIT$bUNISOB$c20250626$gRICA 850 $aUNISOB 852 $aUNISOB$j700$m79295 852 $aUNISOB$jFondo|Calì$m183408 912 $aSOBE00044113 940 $aM 102 Monografia moderna SBN 941 $aW 957 $a700$b001557$i-4$gSI$d79295$racquisto$1bethb$2UNISOB$3UNISOB$420140704122507.0$520140704122542.0$6bethb 957 $aFondo|Calì$b001078$i-4$gSI$d183408$n20250430$hCali$rDono$tI$1rovito$2UNISOB$3UNISOB$420250626081358.0$520250626081446.0$6rovito 996 $a4$91710340 997 $aUNISOB